00527nam a2200157 i 4500001000700000003000900007005001700016007000300033008004100036100003000077245010800107260004600215300002200261650002200283852006400305136629ES-MaACL20230906195203.0t|070214s1918 sp r ||||1| spa d1 aSáez y Romero, Mariano.14aLas calles de Segovia : bnoticias, tradiciones y curiosidades /creunidas por Mariano Sáez y Romero. aSegovia : bAntonio San Martín, c1918. a222 p. ; c22 cm. 4aCalles-zSegovia. aES-MaACLj1565-F-20 z- Dedicatoria autógrafa del autor